Дихание от сянка (Запис номер 330005)
[ съкратено ]
| 000 -Лидер | |
|---|---|
| Контролно поле с фиксирана дължина | nam a22 a 4500 |
| 003 - Код на организацията, давaща контролен номер | |
| Контролно поле | BLK |
| 005 - Дата и час на последна редакция | |
| Контролно поле | 20190411113315.0 |
| 008 - Елементи от данни с фиксирана дължина | |
| fixed length control field | 190408b bu |||||r|||| 00| 0 bu d |
| 020 ## - Международен стандартен номер на книга ISBN | |
| Международен стандартен номер на книга ISBN | 9786191761197 |
| 040 ## - Източник на каталожния запис | |
| Идентификатор на билиотеката - собственик на записа | BLK |
| 041 ## - Код за език | |
| Код за езика на текст/звукозапис или на отделно заглавие | Български |
| Код за езика КДБФ | Български |
| 080 ## - УДК | |
| Текстов определител УДК | Руска литература |
| УДК код - определител по УДК | 821.161.1 |
| УДК определител | (081) |
| УДК - код + определител | 821.161.1(081) |
| 100 ## - Редна дума - Автор | |
| R(LIN) | 280703 |
| Автор | Замятин, Евгений Иванович |
| Авторска отговорност | първи автор |
| 139 ## - Редно поле | |
| Редна дума | Замятин, Евгений Иванович |
| Авторски знак | Зам - З 30 |
| 245 ## - Сведения за заглавието | |
| Заглавие | Дихание от сянка |
| Подзаглавни данни | избрана проза |
| Редно поле (дума) | Румяна Евтимова ; състав. Румяна Евтимова, Николай Тодоров |
| 260 ## - Област на издателските данни | |
| 9 (RLIN) | 218563 |
| Място на издаване, разпространение и проч. | София |
| Име на издателя, разпространителя и проч. | Гутенберг |
| Година на издаване | 2018 |
| Печатница | София: Дайрект сървисиз |
| 300 ## - Физическа характеристика | |
| Страници | 256 с. |
| Размери/Мащаб | 20 см |
| 380 ## - Жанр | |
| Жанр | Худож. лит. |
| 500 ## - Общи забележки | |
| Забележка | Прев. по: Собрание сочинения : в 5 т. / Евгений Замятин |
| 700 ## - Други автори (авторска отговорност) | |
| 9 (RLIN) | 1121 |
| Лично име | Евтимова, Румяна Кръстева |
| Автороска отговорност (Описва отношението между автора и произведението) | прев. от рус. |
| 700 ## - Други автори (авторска отговорност) | |
| 9 (RLIN) | 1121 |
| Лично име | Тодоров, Николай Боянов |
| Автороска отговорност (Описва отношението между автора и произведението) | прев. от рус. |
| 852 ## - Местоположение | |
| Форматна сигнатура | Цб 294398 |
| 999 ## - СИСТЕМНИ КОНТРОЛНИ НОМЕРА | |
| Koha biblionumber | 330005 |
| Koha biblioitemnumber | 330005 |
| 942 ## - АРТИКУЛИ | |
| Вид на библиотечния материал | Книги |
| Скрит в OPAC | Не |
| 944 ## - СЪЗДАВАНЕ И РЕДАКЦИЯ на ЗАПИСА | |
| Създаване/Редакция | Създаване |
| Дата на регистрацията/редакция | 2019-04-08 |
| Служител, извършил регистрацията/редакцията | Петя Минчева |
| Статус, дата на статуса | 2019-04-08 |
| 999 ## - СИСТЕМНИ КОНТРОЛНИ НОМЕРА | |
| Koha biblioitemnumber | 330005 |
| Код за отписване | Код за изгубен артикул | Източник на класификационната схема | Код за повреда | Коз за рестрикции | Код за отдаване | Артикулен № | Име на библиотеката - собственик | Име на библиотеката, в която се намира в момента | Статус (Текущо местоположение) | Дата на вписване в системата | Местоположение - отдел | Цена в лева | Систематично азбучна сигнатура | Баркод | Цена в евро | Служебен тип на артикула |
|---|---|---|---|---|---|---|---|---|---|---|---|---|---|---|---|---|
| Не е изгубен | Universal Decimal Classification | Не е повреден | без рестрикции | ползва се в читалня | 699802 | Регионална библиотека "Любен Каравелов" Русе | Регионална библиотека "Любен Каравелов" Русе | Хранилище | 2019-04-10 | Хранилище | 16.00 | Цб 294398 | 120000831244 | 8.18 | Книги |